00509nam a2200145Ia 4500003000900000008004100009020002600050040001600076100002400092245005900116260003200175300002000207490003300227856010300260IN-BaIIA211028s9999 xx s 000 0 eng d a9780819458308 (Print) cIIA Library aBehringer, Uwe, ed. 0a21st European Mask and Lithography Conferenceh[eBook] aWashington, USAbSPIEc2005 aOnline resource aProceedings of SPIE; V. 5835 uhttps://www.spiedigitallibrary.org/conference-proceedings-of-spie/5835yClick Here to Access eBook